Biochemistry: (Record no. 190186)
[ view plain ]
| 000 -LEADER | |
|---|---|
| fixed length control field | 00537nam a22001817a 4500 |
| 005 - DATE AND TIME OF LATEST TRANSACTION | |
| control field | 20220720115155.0 |
| 010 ## - LCCN (DPL NO) | |
| LC control number | ENG-133715 |
| 020 ## - INTERNATIONAL STANDARD BOOK NUMBER | |
| Terms of availability | 175.00 |
| 035 ## - SYSTEM CONTROL NUMBER | |
| System control number | EN-117247 |
| 037 ## - SOURCE OF ACQUISITION | |
| Source of stock number/acquisition | DBAD/PUB |
| 082 ## - DEWEY DECIMAL CLASSIFICATION NUMBER | |
| Classification number | 572 |
| 100 ## - MAIN ENTRY--PERSONAL NAME | |
| Personal name | Rajesh, M |
| 245 ## - TITLE STATEMENT | |
| Title | Biochemistry: |
| Remainder of title | M.Sc. entrance exams preparation material / |
| Statement of responsibility, etc | by M. Rajesh |
| 260 ## - PUBLICATION, DISTRIBUTION, ETC. (IMPRINT) | |
| Place of publication, distribution, etc | Hyderabad |
| Name of publisher, distributor, etc | Lorven Publications |
| Date of publication, distribution, etc | 2010 |
| 270 ## - ADDRESS | |
| Address | 3-5-1108, Maruthi Complex, Narayanguda |
| City | Hyderabad |
| Postal code | 500029 |
| 300 ## - PHYSICAL DESCRIPTION | |
| Extent | 304p. |
| Dimensions | 23cm(pbk) |
| 942 ## - ADDED ENTRY ELEMENTS (KOHA) | |
| Source of classification or shelving scheme | Dewey Decimal Classification |
| Item type | English Books |
| Classification part | 572 |
| Call number suffix | RAJ |
| Withdrawn status | Lost status | Not for loan | Collection code | Home library | Current library | Date acquired | Source of acquisition | Cost, normal purchase price | Full call number | Barcode | Copy number | Cost, replacement price | Koha item type |
|---|---|---|---|---|---|---|---|---|---|---|---|---|---|
| Non-fiction | Bawana | Bawana | 20/07/2022 | DBAD/PUB | 175.00 | 572 RAJ | EN-117247 | 1 | 175.00 | English Books |
